[Event "EU-ch U12 23rd"]
[Site "Budva"]
[Date "2013.10.02"]
[Round "4"]
[White "Borisovsky, Dmitry"]
[Black "Pannwitz, Kai"]
[Result "1-0"]
[WhiteElo "1774"]
[BlackElo "1522"]
[PlyCount "65"]
[EventDate "2013.09.29"]
[EventType "swiss"]
[EventRounds "9"]
[EventCountry "MNE"]
[SourceTitle "EXT 2014"]
[Source "ChessBase"]
[SourceDate "2013.11.20"]
[SourceVersion "1"]
[SourceVersionDate "2013.11.20"]
[SourceQuality "1"]

1. e4 c5 2. Nf3 d6 3. d4 cxd4 4. Nxd4 Nf6 5. Nc3 e6 6. g4 h6 7. g5 hxg5 8. Bxg5 Be7 9. Qd2 a6 10. Bg2 Qc7 11. f4 Nc6 12. 0-0-0 Nxd4 13. Qxd4 e5 14. Qd2 b5 15. Bxf6 gxf6 16. Nd5 Qc5 17. fxe5 fxe5 18. Nxe7 Kxe7 19. Qg5+ Ke8 20. Rd5 Qc7 21. Qg7 Rf8 22. Rhd1 Be6 23. Rxd6 Rc8 24. c3 b4 25. Qxe5 bxc3 26. Rxe6+ fxe6 27. Qxe6+ Qe7 28. Qxc8+ Kf7 29. Rf1+ Kg7 30. Qxf8+ Qxf8 31. Rxf8 cxb2+ 32. Kxb2 Kxf8 33. Kc3 1-0